书目信息 |
| 题名: |
臧克家诗选
|
|
| 作者: | 臧克家 著 | |
| 分册: | ||
| 出版信息: | 北京 人民文学出版社 1999.04 |
|
| 页数: | 541页 | |
| 开本: | 32开 | |
| 丛书名: | ||
| 单 册: | ||
| 中图分类: | I227 | |
| 科图分类: | ||
| 主题词: | 诗歌--中国 , 韵文--中国 | |
| 电子资源: | ||
| ISBN: | 7-02-002002-X | |
| 000 | 00556nam0 2200205 45 | |
| 001 | 0009272156 | |
| 005 | 20001022090759.1 | |
| 010 | @a7-02-002002-X@d23.00元 | |
| 100 | @a20000927d1999 km y0chiy0120 ea | |
| 101 | 0 | @achi |
| 105 | @a z 000yy | |
| 200 | 1 | @a臧克家诗选@AZang Ke Jia Shi Xuan@f臧克家 著@FZang Ke Jia Zhu |
| 210 | @a北京@c人民文学出版社@d1999.04 | |
| 215 | @a541页@d32开 | |
| 606 | 0 | @a诗歌@x中国 |
| 606 | 0 | @a韵文@x中国 |
| 690 | @aI227@v3 | |
| 701 | 0 | @a臧克家@4著 |
| 801 | @aCN@bPftUser@c20000927 | |
| 905 | @dI227@eZ348@b181397-401@f5 | |
| 臧克家诗选/臧克家 著.-北京:人民文学出版社,1999.04 |
| 541页;32开 |
| ISBN 7-02-002002-X:23.00元 |
| ● |
| 相关链接 |
|
|
|
正题名:臧克家诗选
索取号:I227/Z348
 
预约/预借
| 序号 | 登录号 | 条形码 | 馆藏地/架位号 | 状态 | 备注 |
| 1 | 181397 | 201813975 | 文学库108/ [索取号:I227/Z348] | 在馆 | |
| 2 | 181398 | 201813984 | 社科二线422/422社科库 19排2列4层/ [索取号:I227/Z348] | 在馆 | |
| 3 | 181399 | 201813993 | 文学库108/108文学库 19排1列1层/ [索取号:I227/Z348] | 在馆 | |
| 4 | 181400 | 201814000 | 文学库108/108文学库 19排1列1层/ [索取号:I227/Z348] | 在馆 | |
| 5 | 181401 | 201814019 | 文学库108/422社科库 19排2列4层/ [索取号:I227/Z348] | 在馆 |